000 00851nas a2200277 4500
001 BR7903198
003 BR-BrBNA
005 20231205083734.0
007 ta
008 230509b bl.|||p| |||| 00| 00por d
040 _aBR-BrBNA
_bpor
_cBiblioteca Nacional de Agricultura
041 _a(En)
072 _aF22
100 1 _aLord, K.A.
100 1 _aHelene, C.G.
100 1 _aAndrea, M.M. de
100 1 _aRuegg, E.F.
245 1 _aSorption and movement of pesticides on thin layer plates of Brazilian soils [fisica do solo, absorcao, adsorcao, pesticida, solo]
650 _aABSORCAO
650 _aPESTICIDA
650 _aADSORCAO
650 _aSOLO
773 0 _tArquivos do Instituto Biologico (Brazil)
_xISSN 0020-3653
_g(Jan 1978), v. 43(1) p. 47-52
_wBR7903198
909 _a202311
_bLúcia
_c55
_dLúcia Elande
942 _2AGRIS
_n0
_cANA
999 _c100885
_d100885